书目信息 |
| 题名: |
大话单词
|
|
| 作者: | 王鑫 主编 | |
| 分册: | ||
| 出版信息: | 北京 中国水利水电出版社 2017.07 |
|
| 页数: | 265页 | |
| 开本: | 23cm | |
| 丛书名: | ||
| 单 册: | ||
| 中图分类: | H313.9 | |
| 科图分类: | ||
| 主题词: | 英语--ying yu--词源 | |
| 电子资源: | ||
| ISBN: | 978-7-5170-5698-0 | |
| 000 | 00985nam0 2200277 450 | |
| 001 | CAL 0120172293872 | |
| 005 | 20171215204339.74 | |
| 010 | @a978-7-5170-5698-0@b@dCNY45.80 | |
| 100 | @a20170920d2017 em y0chiy50 ea | |
| 101 | 0 | @achi@aeng |
| 102 | @aCN@b110000 | |
| 105 | @aak a 000yy | |
| 106 | @ar | |
| 200 | 1 | @a大话单词@Ada hua dan ci@e你不可不知的词源故事@f王鑫主编@g |
| 205 | @a第3版 | |
| 210 | @a北京@c中国水利水电出版社@d2017.07 | |
| 215 | @a265页@c图@d23cm | |
| 320 | @a有书目 (第264页) | |
| 330 | @a英语词汇里蕴含着非常丰富的知识, 本书以娓娓道来的方式, 从神话传说、宗教文化、生活词源三个方面, 讲述了一个个有趣的词源故事, 同时故事中还涉及了重要的词源词缀, 并给出了相应的例句, 帮助读者拓展词汇量。 | |
| 517 | 1 | @a你不可不知的词源故事@Ani bu ke bu zhi de ci yuan gu shi |
| 606 | 0 | @a英语@Aying yu@x词源 |
| 690 | @aH313.9@v5 | |
| 701 | 0 | @a王鑫@Awang xin@4主编 |
| 801 | 0 | @aCN@b人天书店@c20170920@g |
| 905 | @aBZT@dH313.9@e2=3 | |
| 906 | @dCNY45.80@n3@r1 | |
| 大话单词:你不可不知的词源故事/王鑫主编.-第3版.-北京:中国水利水电出版社,2017.07 |
| 265页:图;23cm |
| ISBN 978-7-5170-5698-0:CNY45.80 |
| 英语词汇里蕴含着非常丰富的知识, 本书以娓娓道来的方式, 从神话传说、宗教文化、生活词源三个方面, 讲述了一个个有趣的词源故事, 同时故事中还涉及了重要的词源词缀, 并给出了相应的例句, 帮助读者拓展词汇量。 |
| ● |
| 相关链接 |
|
|
|
正题名:大话单词
索取号:H313.9/2=3
 
预约/预借
| 序号 | 登录号 | 条形码 | 馆藏地/架位号 | 状态 | 备注 |
| 1 | 833300 | 2000833300 | 第二书库/ [索取号:H313.9/2=3] | 在馆 | |
| 2 | 833301 | 2000833301 | 第二书库/ [索取号:H313.9/2=3] | 在馆 | |
| 3 | 833302 | 2000833302 | 第二书库/ [索取号:H313.9/2=3] | 在馆 |